Los incas

সংরক্ষণ করুন:
গ্রন্থ-পঞ্জীর বিবরন
প্রধান লেখক: Pease G. Y., Franklin, 1939-1999
বিন্যাস: বৈদ্যুতিক বৈদ্যুতিন গ্রন্থ
ভাষা:স্প্যানিশ
প্রকাশিত: Lima, Peru : Pontificia Universidad Católica del Perú, Fondo Editorial, 2009.
সংস্করন:4. ed. 1. reimpresión
মালা:Digitalia eBook Collection: Pontificia Universidad Católica del Perú.
বিষয়গুলি:
অনলাইন ব্যবহার করুন:Digitalia Hispánica
ট্যাগগুলো: ট্যাগ যুক্ত করুন
কোনো ট্যাগ নেই, প্রথমজন হিসাবে ট্যাগ করুন!

MARC

LEADER 00000nam a2200000Ia 4500
001 DIGPUCP062
003 NyNyDIG
006 m d
007 cr |||||||||||
008 130601s2009 pe af o 000 0 spa c
020 |z 9972428206 (pbk.) 
020 |z 9789972428203 (pbk.) 
040 |a DGITA  |b eng  |e pn  |c DGITA 
043 |a sn----- 
050 0 0 |a F3429 ebook 
100 1 |a Pease G. Y., Franklin,  |d 1939-1999. 
245 1 4 |a Los incas   |h [electronic resource] /  |c Franklin Pease G. Y. 
250 |a 4. ed. 1. reimpresión  
260 |a Lima, Peru :  |b Pontificia Universidad Católica del Perú, Fondo Editorial,  |c 2009.  |e (New York, NY. :  |f Digitalia Inc,   |g 2012). 
300 |a 1 online resource (175 p.) 
504 |a Includes bibliographical references (p. [169]-175). 
506 |a Access restricted to subscribing institutions. 
650 0 |a Incas.  
655 0 |a Electronic books. 
791 2 |a Digitalia (Firm),  |e distributor. 
830 0 |a Digitalia eBook Collection: Pontificia Universidad Católica del Perú. 
856 4 0 |3 Digitalia Hispánica  |u https://digitalia.unach.elogim.com/a/9751/